000 00940nam a22002177a 4500
001 44370
003 BD-RjUL
005 20211209053838.0
008 160717s1958 ii ||||| |||| 00| 0 ben d
035 _a(BD-RjUL)44488
040 _aBD-RjUL
_bben
_cBD-RjUL
041 _aben
082 _223
_a891.4414
_bSOR 1958
100 _aসমদ্দার, বিমলকান্তি
_9136177
245 1 0 _aরবীন্দ্রকাব্যে কালিদাসের প্রভাব /
_cবিমলকান্তি সমদ্দার
260 _aকলিকাতা :
_bগুরুদাস চট্রপাধ্যায়,
_c১৯৫৮ [১৩৬৫]
300 _a[৪৪],২১৪ পৃ. ;
_c১৮ সেমি.
600 _aঠাকুর, রবীন্দ্রনাথ,
_d১৮৬১-১৯৪১
_9136186
600 _aTagore, Robindronath,
_d1861-1941
_9136187
942 _2ddc
_cBK
999 _c44370
_d44370